000 01023nam a2200277 4500
001 0000013592
003 CO-CtgCURN
005 20250509165747.0
008 160627s1988 000 0 eng d
020 _a8482723030
040 _aCO-CtgCURN
_bspa
_ccoctgcurn
082 0 _a341.552
_bM912
100 1 _aMosquera Irurita, Tito.
245 1 3 _aLa Corte Internacional de Justicia /
_cTito Mosquera Irurita.
260 _aBogotá :
_bTemis,
_c1988.
300 _ax, 131 p.
336 _2rdacontent
337 _2rdamedia
_asin mediacion
_bn
338 _2rdacarrier
_avolumen
_bnc
504 _aBibliografia (p. [135])
505 8 _aLa solucion pacifica de las controversias.--De los medios jurídicos: arbitraje y solucion judicial.--La corte internacional de justicia.--El procedimiento contencioso.--El procedimiento consultivo
610 2 0 _aCorte Penal Internacional.
908 _a160627
942 _cBK
_h341.552
_iM912
_2ddc
_n0
999 _c18914
_d18914